[Event "28th Czech Open A 2017"]
[Site "Pardubice CZE"]
[Date "2017.07.27"]
[Round "7.30"]
[White "Pulpan, Jakub"]
[Black "Kovacevic, Blazimir"]
[Result "1-0"]
[WhiteTitle "FM"]
[BlackTitle "IM"]
[WhiteElo "2368"]
[BlackElo "2499"]
[WhiteFideId "302759"]
[BlackFideId "14502712"]
[EventDate "2017.07.21"]

1. e4 d5 2. exd5 Qxd5 3. Nc3 Qa5 4. d4 Nf6 5. Nf3 c6 6. Bc4 Bf5 7. Bd2 e6 8. Nd5
Qd8 9. Nxf6+ gxf6 10. c3 Nd7 11. Nh4 Nb6 12. Bb3 Bd3 13. Bf4 Bc4 14. Bxc4 Nxc4
15. b3 Nb6 16. O-O Nd5 17. Bd2 f5 18. Nf3 Bg7 19. c4 Ne7 20. Qc1 Rg8 21. Bg5 Qc7
22. Bf4 Qb6 23. Rd1 Rd8 24. Be3 Qc7 25. Bf4 Qb6 26. Be3 Qc7 27. Rb1 Bf6 28. Bf4
Qb6 29. Qa3 Ng6 30. Bd6 Be7 31. Bxe7 Nxe7 32. Re1 Rg4 33. Rbd1 a6 34. h3 Re4 35.
Qc1 Qa5 36. Qh6 Rxe1+ 37. Rxe1 Ng6 38. Qxh7 Ke7 39. Qh6 Rxd4 40. Rxe6+ Kxe6 41.
Nxd4+ Kf6 42. Qe3 Qxa2 43. Qc3 Qb1+ 44. Kh2 c5 45. Nf3+ Ke7 46. Qe3+ Kf6 47.
Qg5+ Ke6 48. Qd8 Qxb3 49. Ng5+ Ke5 50. Nxf7+ Ke6 51. Ng5+ Ke5 52. f4+ Kxf4 53.
Nf3 Qe3 54. Qd6+ Ne5 55. h4 Kg4 56. Nxe5+ Kxh4 57. Qf6+ Kh5 58. Qg6+ 1-0

[Event "28th Czech Open A 2017"]
[Site "Pardubice CZE"]
[Date "2017.07.27"]
[Round "7.31"]
[White "Kantor, Gergely"]
[Black "Spalir, Jernej"]
[Result "1/2-1/2"]
[WhiteTitle "IM"]
[BlackTitle "FM"]
[WhiteElo "2481"]
[BlackElo "2342"]
[WhiteFideId "751499"]
[BlackFideId "14606518"]
[EventDate "2017.07.21"]

1. d4 d5 2. c4 c6 3. Nf3 Nf6 4. g3 e6 5. Bg2 Bb4+ 6. Nbd2 O-O 7. O-O b6 8. Qc2
Bb7 9. Rd1 Nbd7 10. e4 Bxd2 11. Nxd2 dxe4 12. Nxe4 Qe7 13. Bf4 Nxe4 14. Bxe4 Nf6
15. Bg2 Rfd8 16. c5 bxc5 17. dxc5 Nd5 18. Bd6 Qf6 19. Rd2 a5 20. Be4 Qh6 21. Rd4
Re8 22. Re1 g6 23. Bf3 Qg7 24. Ra4 Qf6 25. Qb3 Ba6 26. Rxa5 Bb5 27. Rxa8 Rxa8
28. Kg2 Qd4 29. Rd1 Qf6 30. h4 h5 31. Re1 Qd4 32. Rd1 Qf6 33. Re1 Qd4 34. Re4
Qd2 35. a4 Ba6 36. Qd1 Qxb2 37. Be5 Qa3 38. Bxh5 Qxc5 39. Bd4 Nf4+ 40. Rxf4 Qxh5
41. Qxh5 gxh5 42. Bb6 c5 43. a5 c4 44. Rd4 Bb7+ 45. Kf1 Bd5 46. Ke2 Kf8 47. Kd2
Ke7 48. Kc3 Kd6 49. Rd1 Kc6 50. Rb1 f5 51. Kd4 Ra6 52. Bd8 Ra8 53. Bb6 Ra6 54.
Rb4 Ra8 55. Rb2 Ra6 56. Ke5 Ra8 57. Rb1 Kd7 58. Rb5 Rc8 59. Rc5 Rxc5 60. Bxc5
Kc6 61. Bb4 Kb5 62. Bd2 1/2-1/2

[Event "28th Czech Open A 2017"]
[Site "Pardubice CZE"]
[Date "2017.07.27"]
[Round "7.32"]
[White "Kislinsky, Alexey"]
[Black "Mueller, Ralf1"]
[Result "1-0"]
[WhiteTitle "GM"]
[BlackTitle "FM"]
[WhiteElo "2479"]
[BlackElo "2330"]
[WhiteFideId "14108801"]
[BlackFideId "4606612"]
[EventDate "2017.07.21"]

1. e4 e5 2. Nf3 Nc6 3. Bc4 Nf6 4. d3 Be7 5. O-O O-O 6. Re1 d6 7. a4 Na5 8. Ba2
c5 9. Nbd2 h6 10. c3 Qc7 11. b4 Nc6 12. b5 Na5 13. Nf1 Re8 14. Ne3 Bf8 15. Nh4
a6 16. bxa6 bxa6 17. Qf3 c4 18. Nxc4 Be6 19. Nf5 Nxc4 20. Bxc4 Bxc4 21. dxc4 Re6
22. Qd3 Rc8 23. Ne3 Qc6 24. f3 Re7 25. Ba3 Rb7 26. Bb4 Nd7 27. a5 Nc5 28. Qd5
Be7 29. Bxc5 Qxd5 30. Nxd5 Rxc5 31. Reb1 Rxb1+ 32. Rxb1 Bg5 33. g3 Rxa5 34. h4
Bf6 35. Rb6 1-0

[Event "28th Czech Open A 2017"]
[Site "Pardubice CZE"]
[Date "2017.07.27"]
[Round "7.33"]
[White "Galchenko, Matvey"]
[Black "Nguyen, Thai Dai Van"]
[Result "0-1"]
[WhiteTitle "FM"]
[BlackTitle "IM"]
[WhiteElo "2336"]
[BlackElo "2473"]
[WhiteFideId "24175480"]
[BlackFideId "358878"]
[EventDate "2017.07.21"]

1. Nf3 d5 2. c4 e6 3. b3 d4 4. Bb2 c5 5. e3 Nc6 6. exd4 cxd4 7. d3 Nf6 8. a3 a5
9. g3 e5 10. Bg2 Bd6 11. O-O O-O 12. Nbd2 h6 13. Re1 Re8 14. Qc2 Bf5 15. c5 Bf8
16. Nh4 Be6 17. Rac1 Nd7 18. Ne4 Qc7 19. Qd1 f5 20. Nd6 Bxd6 21. cxd6 Qxd6 22.
Bxc6 bxc6 23. Qf3 c5 24. Nxf5 Qf8 25. Nh4 Qxf3 26. Nxf3 Bxb3 27. Nd2 Bd5 28. a4
Bc6 29. Ba3 Bxa4 30. Bxc5 Bb5 31. f4 exf4 32. Bxd4 fxg3 33. hxg3 Bxd3 34. Rxe8+
Rxe8 35. Rc7 Re1+ 36. Kf2 Re2+ 37. Kf3 Ne5+ 38. Bxe5 Rxe5 39. Nb3 a4 40. Nc5 Bb5
41. Kf4 Re1 42. Ra7 Rf1+ 43. Ke5 Rf3 44. Ne6 Re3+ 45. Kd6 Rxg3 46. Kc5 Be8 47.
Kd6 Rd3+ 48. Ke5 Rd7 49. Ra8 Re7 50. Kd6 Kf7 51. Nxg7 Rd7+ 52. Kc5 Kxg7 53. Rxe8
a3 54. Ra8 Rd3 0-1

[Event "28th Czech Open A 2017"]
[Site "Pardubice CZE"]
[Date "2017.07.27"]
[Round "7.34"]
[White "Prasanna, Raghuram Rao"]
[Black "Aliyev, Ravan"]
[Result "1/2-1/2"]
[WhiteTitle "IM"]
[WhiteElo "2466"]
[BlackElo "2311"]
[WhiteFideId "5022401"]
[BlackFideId "13409980"]
[EventDate "2017.07.21"]

1. e4 e6 2. d4 d5 3. Nc3 Nf6 4. e5 Nfd7 5. Qg4 c5 6. Nf3 Nc6 7. Nb5 cxd4 8. Bf4
a6 9. Nbxd4 Nxd4 10. Nxd4 g6 11. O-O-O Bg7 12. Nxe6 fxe6 13. Qxe6+ Qe7 14. Qxd5
Nc5 15. Be3 Ne6 16. Bc4 Nc7 17. Qd2 Ne6 18. Bb6 Qg5 19. Qxg5 Nxg5 20. f4 Be6 21.
Bd3 Nf7 22. Be4 O-O 23. Bc5 Rfe8 24. Bxb7 Rab8 25. Bxa6 Ra8 26. Bb5 Rec8 27. Ba3
Bh6 28. g3 Bf5 29. c3 Nxe5 30. Rhe1 Nc4 31. Bb4 Nb6 32. Rd6 Bf8 33. Rxb6 Bxb4
34. Ba6 Rxc3+ 35. bxc3 Ba3+ 36. Kd1 Rd8+ 37. Ke2 Bg4+ 38. Kf1 Bh3+ 39. Ke2 Bg4+ 1/2-1/2

[Event "28th Czech Open A 2017"]
[Site "Pardubice CZE"]
[Date "2017.07.27"]
[Round "7.35"]
[White "Sadhwani, Raunak"]
[Black "Abergel, Thal"]
[Result "1/2-1/2"]
[WhiteTitle "FM"]
[BlackTitle "GM"]
[WhiteElo "2314"]
[BlackElo "2464"]
[WhiteFideId "35093487"]
[BlackFideId "614890"]
[EventDate "2017.07.21"]

1. e4 c5 2. Nf3 e6 3. d4 cxd4 4. Nxd4 a6 5. Bd3 Bc5 6. Nb3 Ba7 7. Qe2 Nc6 8. Be3
Nge7 9. Bxa7 Rxa7 10. c4 d6 11. Nc3 O-O 12. O-O e5 13. Rac1 b6 14. a3 a5 15. Nd5
a4 16. Na1 Nd4 17. Qd1 Nxd5 18. cxd5 Bd7 19. Rc3 Rc7 20. Rxc7 Qxc7 21. Nc2 Qc5
22. Nxd4 Qxd4 23. Qe2 Qc5 24. Rd1 Rc8 25. Rd2 Qc1+ 26. Qd1 Kf8 27. Kf1 Ke7 28.
Ke2 Qxd1+ 29. Kxd1 Rc5 30. Rc2 g6 31. Kd2 f5 32. f3 f4 33. Ke1 g5 34. h3 Kd8 35.
Kd2 Kc7 36. Rc3 Kb7 37. Be2 Ka7 38. Kc2 Bc8 39. b4 axb3+ 40. Kxb3 Ba6 41. Bc4
Kb7 42. Rc2 Ka7 43. Rc3 Bc8 44. Be2 Bd7 45. Kb4 Kb7 46. Kb3 Ba4+ 47. Kb4 Be8 48.
Kb3 Ra5 49. Kc2 Bb5 50. Bd3 Ba4+ 51. Kb2 Rc5 52. Rc4 Bd7 53. Rc3 h5 54. Be2 Ra5
55. Rb3 Ra4 56. Rb4 Ra8 57. Kb3 Rc8 58. Rc4 Rg8 59. Rc3 Ra8 60. Kb2 Ra4 61. Rc4
Ra5 62. Rb4 Ra8 63. Kb3 Rg8 64. a4 Ra8 65. Bd3 Ra5 66. Bb5 Bxb5 67. Rxb5 Ka7 68.
Rxa5+ bxa5 69. Kc3 Ka6 70. Kd3 Kb6 71. Kc4 Ka6 1/2-1/2

[Event "28th Czech Open A 2017"]
[Site "Pardubice CZE"]
[Date "2017.07.27"]
[Round "7.36"]
[White "Belous, Mikhail"]
[Black "Malakhov, Igor"]
[Result "1/2-1/2"]
[WhiteTitle "FM"]
[BlackTitle "IM"]
[WhiteElo "2313"]
[BlackElo "2454"]
[WhiteFideId "14127555"]
[BlackFideId "4183088"]
[EventDate "2017.07.21"]

1. d4 Nf6 2. c4 e6 3. Nf3 c5 4. d5 b5 5. dxe6 fxe6 6. cxb5 d5 7. Bg5 Nbd7 8. e3
Bd6 9. Nc3 O-O 10. Be2 Qc7 11. O-O Bb7 12. Rc1 e5 13. e4 d4 14. Bc4+ Kh8 15. Nd5
Nxd5 16. Bxd5 Bxd5 17. exd5 Qb7 18. Qb3 a6 19. Nd2 axb5 20. Ne4 Qb6 21. Qh3 Nf6
22. Bxf6 gxf6 23. Qd7 Rad8 24. Qc6 Qxc6 25. dxc6 c4 26. a4 bxa4 27. Rxc4 f5 28.
Nxd6 Rxd6 29. Rxa4 Rxc6 30. f4 Rb8 31. fxe5 Rxb2 32. Rxd4 Rcc2 33. Rxf5 Rxg2+
34. Kf1 Rxh2 35. Rd8+ Kg7 36. Rd7+ Kg8 37. Rd8+ 1/2-1/2

[Event "28th Czech Open A 2017"]
[Site "Pardubice CZE"]
[Date "2017.07.27"]
[Round "7.37"]
[White "Rahul, Srivatshav P"]
[Black "Neuman, Petr"]
[Result "0-1"]
[BlackTitle "GM"]
[WhiteElo "2295"]
[BlackElo "2442"]
[WhiteFideId "25059653"]
[BlackFideId "305243"]
[EventDate "2017.07.21"]

1. d4 Nf6 2. c4 c5 3. d5 e5 4. Nc3 d6 5. e4 Be7 6. Be2 Nbd7 7. Nf3 O-O 8. O-O
Ne8 9. g3 g6 10. Ne1 Ng7 11. Ng2 a6 12. a4 Bg5 13. Ne3 Re8 14. h4 Bh6 15. Bg4
Rf8 16. Bh3 Nf6 17. Bxc8 Qxc8 18. Nc2 Bxc1 19. Rxc1 Nfh5 20. Kh2 f5 21. Qf3 Qd7
22. Rce1 Rf7 23. exf5 gxf5 24. Qg2 Nf6 25. Qh3 Ng4+ 26. Kg2 Nh5 27. f3 Nh6 28.
Kf2 Kh8 29. Rg1 Rg8 30. Rg2 Rfg7 31. Reg1 Qf7 32. Ne2 b5 33. b3 bxc4 34. bxc4 e4
35. Nf4 exf3 36. Kxf3 Nxf4 37. gxf4 Ng4 38. Ke2 Qe7+ 39. Kd2 Qe4 40. Qc3 Qxf4+
41. Kd1 Rb8 42. Re1 Rb1+ 43. Ke2 Rxe1+ 44. Nxe1 Kg8 45. Rg3 Re7+ 46. Kd1 Re3 47.
Rxe3 Nxe3+ 48. Ke2 Qxc4+ 49. Qxc4 Nxc4 50. Nc2 Kf7 51. Kf3 Kf6 52. Kf4 a5 53. h5
h6 54. Na1 Nb6 55. Nb3 Nxa4 56. Nxa5 Nb6 0-1

[Event "28th Czech Open A 2017"]
[Site "Pardubice CZE"]
[Date "2017.07.27"]
[Round "7.38"]
[White "Akesson, Ralf"]
[Black "Reuker, Jari"]
[Result "1-0"]
[WhiteTitle "GM"]
[WhiteElo "2435"]
[BlackElo "2275"]
[WhiteFideId "1700120"]
[BlackFideId "12909300"]
[EventDate "2017.07.21"]

1. Nf3 Nf6 2. c4 e6 3. d4 d5 4. g3 Be7 5. Bg2 O-O 6. O-O dxc4 7. Qc2 a6 8. a4
Bd7 9. Qxc4 Bc6 10. Bg5 Bd5 11. Qd3 c5 12. Nc3 Bc6 13. Rfd1 Qa5 14. d5 exd5 15.
Nh4 Nbd7 16. Nf5 Bd8 17. Bd2 Qc7 18. Bf4 Qb6 19. Nxd5 Nxd5 20. Bxd5 Bxd5 21.
Qxd5 Nf6 22. Qc4 Re8 23. Nd6 Re6 24. Nxf7 Kxf7 25. Rd6 Qxd6 26. Bxd6 b5 27. Qxc5
Ne4 28. Qh5+ g6 29. Qxh7+ Kf6 30. Bf8 Be7 31. Qg7+ Kf5 32. Bxe7 1-0

[Event "28th Czech Open A 2017"]
[Site "Pardubice CZE"]
[Date "2017.07.27"]
[Round "7.39"]
[White "Villegas, Pierre"]
[Black "Vykouk, Jan"]
[Result "1/2-1/2"]
[WhiteTitle "FM"]
[BlackTitle "FM"]
[WhiteElo "2295"]
[BlackElo "2430"]
[WhiteFideId "654183"]
[BlackFideId "349658"]
[EventDate "2017.07.21"]

1. d4 Nf6 2. c4 g6 3. Nc3 d5 4. Nf3 Bg7 5. cxd5 Nxd5 6. e4 Nxc3 7. bxc3 c5 8.
Be3 Qa5 9. Qd2 O-O 10. Rc1 Nd7 11. d5 Nf6 12. c4 Qxd2+ 13. Nxd2 b6 14. Be2 e6
15. e5 Ne8 16. Bf3 exd5 17. Bxd5 Rb8 18. Bf4 Be6 19. Bxe6 fxe6 20. g3 Rd8 21.
Ke2 Nc7 22. Nf3 h6 23. h4 Na6 24. a3 Nb8 25. Rhd1 Nc6 26. Ke3 Rxd1 27. Rxd1 Na5
28. Rc1 Rd8 29. Ke4 Kf7 30. Be3 Nc6 31. Rc2 Ke8 32. Rd2 Rxd2 33. Bxd2 Kd7 34.
Bc3 a6 35. a4 Ne7 36. Ne1 h5 37. Nd3 Kc6 1/2-1/2

[Event "28th Czech Open A 2017"]
[Site "Pardubice CZE"]
[Date "2017.07.27"]
[Round "7.40"]
[White "Hoeglauer, Patrick"]
[Black "Bryzgalin, Kirill"]
[Result "1/2-1/2"]
[WhiteTitle "FM"]
[BlackTitle "GM"]
[WhiteElo "2291"]
[BlackElo "2424"]
[WhiteFideId "1270548"]
[BlackFideId "4133285"]
[EventDate "2017.07.21"]

1. d4 Nf6 2. c4 d6 3. Nf3 Nbd7 4. Nc3 e5 5. e4 Be7 6. Be2 O-O 7. O-O Re8 8. Qc2
c6 9. h3 a6 10. a4 a5 11. Be3 g6 12. b3 exd4 13. Bxd4 Bf8 14. Rad1 Qe7 15. Rfe1
Ne5 16. Be3 Nfd7 17. Nd4 Nc5 18. f4 Ned7 19. Bf3 Na6 20. Qd2 Ndc5 21. e5 Bd7 22.
Bf2 Bg7 23. Bg3 f5 24. Qf2 dxe5 25. fxe5 Nb4 26. Qe2 Qf7 27. Qe3 f4 28. Bxf4
Nbd3 29. Ne4 Nxe1 30. Nxc5 Nxf3+ 31. Nxf3 Bf5 32. g4 Bc8 33. Rd6 Rf8 34. e6 Qe7
35. Ne4 Rxf4 36. Qxf4 Bxe6 37. Nfg5 Bc8 38. c5 Be5 39. Rd8+ Kg7 40. Qd2 h6 41.
Nf3 Bxg4 42. Rxa8 Bxf3 43. Rd8 Qe6 44. Rd7+ Kf8 45. Nf2 Bd5 46. Rxb7 Qf5 47. Ng4
Qb1+ 48. Kf2 Qf5+ 49. Kg1 Qb1+ 50. Kf2 Qf5+ 51. Kg1 Qb1+ 52. Kf2 Qf5+ 53. Kg1
Qb1+ 54. Kf2 Qf5+ 1/2-1/2

[Event "28th Czech Open A 2017"]
[Site "Pardubice CZE"]
[Date "2017.07.27"]
[Round "7.41"]
[White "Chernyshov, Konstantin"]
[Black "Granovskiy, Alexandr"]
[Result "1-0"]
[WhiteTitle "GM"]
[BlackTitle "IM"]
[WhiteElo "2498"]
[BlackElo "2282"]
[WhiteFideId "4117328"]
[BlackFideId "13700243"]
[EventDate "2017.07.21"]

1. d4 d5 2. Nf3 Nf6 3. c4 e6 4. Qc2 c5 5. dxc5 Bxc5 6. cxd5 Qb6 7. e3 Nxd5 8. a3
Nc6 9. Bd2 Be7 10. Nc3 Bf6 11. Na4 Qc7 12. Rc1 O-O 13. Be2 e5 14. b4 a6 15. Nc5
g6 16. O-O Rd8 17. Rfd1 Bg7 18. Nxa6 bxa6 19. Qxc6 Qb8 20. Qc2 Bb7 21. Bc4 Nb6
22. Bb3 Rc8 23. Qb1 e4 24. Ng5 Rf8 25. Nxe4 Qe5 26. Nc5 Bc6 27. Bc3 Qg5 28. e4
Bxc3 29. Rxc3 Rad8 30. Rcd3 Rxd3 31. Qxd3 Bb5 32. Qd2 Qxd2 33. Rxd2 Nc4 34. Bxc4
Bxc4 35. Rd4 Be2 36. f3 Ra8 37. a4 1-0

[Event "28th Czech Open A 2017"]
[Site "Pardubice CZE"]
[Date "2017.07.27"]
[Round "7.42"]
[White "Hrabusa, Matej"]
[Black "Michalik, Peter"]
[Result "1/2-1/2"]
[BlackTitle "GM"]
[WhiteElo "2335"]
[BlackElo "2557"]
[WhiteFideId "14908042"]
[BlackFideId "14907526"]
[EventDate "2017.07.21"]

1. d4 d5 2. Bf4 Nf6 3. e3 c5 4. c3 Nc6 5. Nd2 e6 6. Ngf3 cxd4 7. exd4 Nh5 8. Be5
f6 9. Bg3 g6 10. Bd3 Bg7 11. Qc2 O-O 12. O-O-O b5 13. h4 b4 14. Bh2 f5 15. Kb1
a5 16. c4 Ba6 17. cxd5 Bxd3 18. Qxd3 Qxd5 19. Nc4 Qb5 20. Rhe1 Rad8 21. Bd6 Rfe8
22. d5 exd5 23. Rxe8+ Rxe8 24. Qxd5+ Qxd5 25. Rxd5 a4 26. Kc2 Nf6 27. Rc5 b3+
28. axb3 Nb4+ 29. Kb1 axb3 30. Rb5 Nd3 31. Rxb3 Nxf2 32. Rb8 Rxb8 1/2-1/2

[Event "28th Czech Open A 2017"]
[Site "Pardubice CZE"]
[Date "2017.07.27"]
[Round "7.43"]
[White "Potapov, Pavel"]
[Black "Krapivin, Vladislav"]
[Result "1/2-1/2"]
[WhiteTitle "GM"]
[BlackTitle "IM"]
[WhiteElo "2495"]
[BlackElo "2327"]
[WhiteFideId "4169786"]
[BlackFideId "4126149"]
[EventDate "2017.07.21"]

1. e4 d6 2. d4 Nf6 3. Nc3 e5 4. Nf3 Nbd7 5. Bc4 Be7 6. O-O O-O 7. a4 c6 8. Re1
exd4 9. Nxd4 Ne5 10. Ba2 Re8 11. h3 Bf8 12. a5 Bd7 13. Be3 b5 14. axb6 axb6 15.
f4 Ng6 16. Nf3 h6 17. f5 Ne5 18. Nxe5 dxe5 19. Bf2 b5 20. Qd3 Qc7 21. Bb3 Red8
22. Rxa8 Rxa8 23. Bh4 Be7 24. Qf3 Be8 25. Rd1 Rd8 26. Rxd8 Qxd8 27. Qd3 Kf8 28.
Qxd8 Bxd8 29. Kf1 Be7 30. Ke2 Nd7 31. Bxe7+ Kxe7 32. Ke3 Nc5 33. Ba2 1/2-1/2

[Event "28th Czech Open A 2017"]
[Site "Pardubice CZE"]
[Date "2017.07.27"]
[Round "7.44"]
[White "Paszewski, Mateusz"]
[Black "Bilguun, Sumiya"]
[Result "0-1"]
[WhiteTitle "FM"]
[BlackTitle "IM"]
[WhiteElo "2323"]
[BlackElo "2460"]
[WhiteFideId "1141058"]
[BlackFideId "4901541"]
[EventDate "2017.07.21"]

1. e4 c5 2. Nf3 e6 3. d4 cxd4 4. Nxd4 a6 5. Bd3 Qc7 6. O-O Nf6 7. Qe2 d6 8. f4
g6 9. f5 gxf5 10. exf5 e5 11. Nb3 Rg8 12. Nc3 Nbd7 13. Bf4 b5 14. Nd2 Be7 15.
Bg3 Bb7 16. Rfe1 h5 17. Nf3 b4 18. Ne4 Nxe4 19. Bxe4 d5 20. Bd3 Rxg3 21. hxg3
Bc5+ 22. Kh2 e4 23. c3 Nf6 24. Nd4 Bd6 25. Rh1 bxc3 26. Rac1 Bxg3+ 27. Kg1 Be5
28. Nb3 exd3 29. Qxd3 Qb6+ 30. Kf1 Ne4 0-1

[Event "28th Czech Open A 2017"]
[Site "Pardubice CZE"]
[Date "2017.07.27"]
[Round "7.45"]
[White "Nasuta, Grzegorz"]
[Black "Tokranovs, Dmitrijs"]
[Result "1-0"]
[WhiteTitle "IM"]
[BlackTitle "FM"]
[WhiteElo "2455"]
[BlackElo "2325"]
[WhiteFideId "1141686"]
[BlackFideId "11603011"]
[EventDate "2017.07.21"]

1. e4 d5 2. exd5 Qxd5 3. Nc3 Qa5 4. Bc4 Nf6 5. d3 c6 6. Bd2 Qc7 7. Qe2 Nbd7 8.
Nf3 Nb6 9. Bb3 e6 10. O-O Bd6 11. Ne4 Nxe4 12. dxe4 c5 13. c4 Bd7 14. Bc3 O-O
15. e5 Be7 16. Bc2 Bc6 17. b3 Rfd8 18. h4 h6 19. h5 Nd7 20. Nh2 b6 21. f4 Nf8
22. Ng4 Qb7 23. Rae1 a6 24. Qf2 Ra7 25. Re3 Kh8 26. Qe2 b5 27. Nxh6 gxh6 28. Qg4
Bxg2 29. Rg3 Bg5 30. Rxg2 b4 31. fxg5 bxc3 32. gxh6 1-0

[Event "28th Czech Open A 2017"]
[Site "Pardubice CZE"]
[Date "2017.07.27"]
[Round "7.46"]
[White "Carlsson, Pontus"]
[Black "Krykun, Yuriy"]
[Result "1/2-1/2"]
[WhiteTitle "GM"]
[BlackTitle "FM"]
[WhiteElo "2453"]
[BlackElo "2334"]
[WhiteFideId "1705814"]
[BlackFideId "14140667"]
[EventDate "2017.07.21"]

1. e4 e5 2. Nf3 Nc6 3. Bb5 a6 4. Ba4 Nf6 5. O-O Be7 6. Re1 b5 7. Bb3 d6 8. c3
O-O 9. h3 Nb8 10. d4 Nbd7 11. Nbd2 Bb7 12. Bc2 Re8 13. Nf1 Bf8 14. Ng3 g6 15. b3
Bg7 16. d5 Rc8 17. c4 c6 18. Rb1 Qc7 19. Bd3 Nc5 20. Bf1 bxc4 21. bxc4 Nfd7 22.
Bd2 a5 23. Qc1 Ba6 24. Bh6 cxd5 25. exd5 f5 26. Bxg7 Kxg7 27. Nd2 Nf6 28. Qa3 a4
29. f3 Rb8 30. Ne2 Rxb1 31. Rxb1 Rb8 32. Rxb8 Qxb8 33. Kh2 f4 34. Nc3 Qb6 35.
Nde4 Nfxe4 36. Nxe4 Nxe4 37. fxe4 Qf2 38. Qxd6 Qxf1 39. Qe7+ Kh6 40. Qh4+ Kg7
41. Qe7+ Kh6 42. h4 f3 43. Qg5+ Kg7 44. Qe7+ Kh6 45. Qg5+ Kg7 46. Qxe5+ Kg8 47.
Qe8+ Kg7 48. Qe7+ Kg8 49. Qe6+ Kg7 50. Qe5+ Kg8 51. Qb8+ Kg7 52. Qe5+ 1/2-1/2

[Event "28th Czech Open A 2017"]
[Site "Pardubice CZE"]
[Date "2017.07.27"]
[Round "7.47"]
[White "Bergauz, Noam"]
[Black "Jansa, Vlastimil"]
[Result "0-1"]
[BlackTitle "GM"]
[WhiteElo "2309"]
[BlackElo "2446"]
[WhiteFideId "12938033"]
[BlackFideId "300128"]
[EventDate "2017.07.21"]

1. e4 c5 2. Nf3 e6 3. d4 cxd4 4. Nxd4 Nc6 5. Nc3 d6 6. g3 Nf6 7. Bg2 Bd7 8. O-O
Be7 9. Re1 O-O 10. a4 Qb8 11. a5 Rc8 12. Nxc6 bxc6 13. b3 Qc7 14. Ba3 e5 15. Qd2
c5 16. Nd1 Bc6 17. Nb2 Rd8 18. Qc3 Qb7 19. Nc4 Rab8 20. Qe3 Ne8 21. Rad1 Nc7 22.
f4 f6 23. Bh3 Nb5 24. Be6+ Kh8 25. Bb2 Nd4 26. Bxd4 cxd4 27. Qe2 Bf8 28. Nd2 Re8
29. Qg4 Re7 30. f5 Rc7 31. Nf3 Bd7 32. Bd5 Qc8 33. Nh4 g5 34. Nf3 Be8 35. Bc4 h5
36. Qh3 g4 37. Qh4 Qd8 0-1

[Event "28th Czech Open A 2017"]
[Site "Pardubice CZE"]
[Date "2017.07.27"]
[Round "7.48"]
[White "Sundararajan, Kidambi"]
[Black "Armbrust, Florian"]
[Result "1/2-1/2"]
[WhiteTitle "GM"]
[BlackTitle "FM"]
[WhiteElo "2444"]
[BlackElo "2318"]
[WhiteFideId "5005370"]
[BlackFideId "4691350"]
[EventDate "2017.07.21"]

1. c4 Nf6 2. Nc3 g6 3. d4 Bg7 4. e4 d6 5. h3 O-O 6. Be3 Nbd7 7. Nf3 a6 8. Be2 c5
9. e5 Ne8 10. e6 fxe6 11. dxc5 Qc7 12. cxd6 exd6 13. O-O Ne5 14. Rc1 Nxf3+ 15.
Bxf3 Bd7 16. Re1 Bc6 17. Bg4 Qf7 18. Bb6 Be5 19. Qd2 Ng7 20. b4 h5 21. Bd1 Nf5
22. Bc2 Bxg2 23. Kxg2 Nh4+ 24. Kf1 Qf3 25. Qd3 Bxc3 26. Qxf3 Rxf3 27. Rxe6 Bxb4
28. Be4 Rf7 29. Bxg6 Nxg6 30. Rxg6+ Kh7 31. Re6 Raf8 32. Rc2 Rf6 33. Rxf6 Rxf6
34. Rb2 Bc3 35. Rb3 Be5 36. Be3 Rf7 37. Ke2 Kg6 38. Rb1 Kf5 39. Kd3 1/2-1/2

[Event "28th Czech Open A 2017"]
[Site "Pardubice CZE"]
[Date "2017.07.27"]
[Round "7.49"]
[White "Zhurov, Sergey"]
[Black "Kazakovskiy, Valeriy"]
[Result "1/2-1/2"]
[BlackTitle "IM"]
[WhiteElo "2297"]
[BlackElo "2433"]
[WhiteFideId "4105788"]
[BlackFideId "13507443"]
[EventDate "2017.07.21"]

1. e4 e5 2. Nf3 Nc6 3. d4 exd4 4. Nxd4 Bc5 5. Be3 Qf6 6. c3 Nge7 7. Bc4 Ne5 8.
Bb3 Qg6 9. O-O d5 10. Bf4 Bg4 11. Qc2 f6 12. Ba4+ c6 13. Nd2 O-O 14. Rfe1 Rfe8
15. b4 Bb6 16. Bb3 Kh8 17. Bg3 dxe4 18. Rxe4 Bf5 19. Nxf5 Nxf5 20. Bxe5 Rxe5 21.
Rxe5 fxe5 22. Nc4 Re8 23. Nxb6 axb6 24. Qe4 Qf6 25. Rd1 Nd6 26. Qd3 Rd8 27. a4
e4 28. Qd4 Rf8 29. Qxf6 Rxf6 30. c4 g6 1/2-1/2

[Event "28th Czech Open A 2017"]
[Site "Pardubice CZE"]
[Date "2017.07.27"]
[Round "7.50"]
[White "Friedland, Moshe"]
[Black "Haba, Petr"]
[Result "0-1"]
[BlackTitle "GM"]
[WhiteElo "2289"]
[BlackElo "2432"]
[WhiteFideId "2812843"]
[BlackFideId "300160"]
[EventDate "2017.07.21"]

1. e4 e6 2. d4 d5 3. e5 c5 4. c3 Nc6 5. Nf3 Bd7 6. Na3 cxd4 7. cxd4 Bxa3 8. bxa3
Nge7 9. Bd3 Nc8 10. O-O h6 11. Rb1 Nb6 12. Nd2 Qe7 13. Nb3 Na4 14. Qe1 b6 15.
Bb5 Nb8 16. Bd3 Nc6 17. Bb5 Nb8 18. Bd3 a5 19. f4 g6 20. Qg3 Nc6 21. Be3 Qxa3
22. f5 gxf5 23. Rfc1 Qf8 24. a3 Rg8 25. Qf3 Rg6 26. Qe2 Qe7 27. Bb5 Na7 28. Ba6
Qd8 29. Bd2 Kf8 30. Bb7 Bb5 31. Qh5 Rb8 32. Bxh6+ Kg8 33. Re1 Nc3 34. Re3 Be2
35. Rxe2 Nxe2+ 36. Qxe2 Rxh6 37. Ba6 Nc6 38. Rc1 Ne7 39. Qd2 Kg7 40. Rc3 Ng6 0-1

[Event "28th Czech Open A 2017"]
[Site "Pardubice CZE"]
[Date "2017.07.27"]
[Round "7.51"]
[White "Kraus, Tomas"]
[Black "Urazayev, Arystanbek"]
[Result "1-0"]
[WhiteTitle "IM"]
[BlackTitle "CM"]
[WhiteElo "2422"]
[BlackElo "2322"]
[WhiteFideId "331708"]
[BlackFideId "13709810"]
[EventDate "2017.07.21"]

1. g3 Nf6 2. Bg2 e5 3. d3 d5 4. Nf3 Nc6 5. O-O g6 6. c4 d4 7. b4 Nxb4 8. Nxe5
Bd6 9. a3 Bxe5 10. axb4 O-O 11. Nd2 Ne8 12. Nf3 Bf6 13. Bb2 Ng7 14. Ra5 b6 15.
Ra2 Bb7 16. Qa1 c5 17. Rxa7 Qe7 18. e4 Qc7 19. Rxa8 Rxa8 20. Qb1 cxb4 21. Bxd4
Bxd4 22. Nxd4 Qd7 23. Nb5 Bc6 24. Qxb4 Bxb5 25. Qxb5 Qxd3 26. e5 Ra5 27. Qxb6
Rxe5 28. Bd5 h5 29. Qf6 Rxd5 30. cxd5 Qxd5 31. Rb1 Kh7 32. Re1 Qf5 33. Qxf5 Nxf5
34. Kg2 Kg7 35. Ra1 Kf6 36. Ra5 Nd4 37. Rd5 Nf5 38. Kf3 Ng7 39. Ke4 Ne6 40. f4
Ng7 41. Rd6+ Ne6 42. Rc6 Kg7 43. Ke5 Nf8 44. Rd6 Nh7 45. h3 Kh6 46. h4 Kg7 47.
f5 g5 48. f6+ Kg6 49. Rd8 gxh4 1-0